00816 2200313 4500001002100000005001500021035002000036007000300056040001700059100003000076245004700106250001300153300003100166041000800197082000800205084001400213090001900227264002700246336002100273337003000294338002300324650001200347850001000359008004100369990002100410990002100431990002500452990002500477INLIS00000000000772720260601083550 a0010-0922000216ta aSBPUPADbind0 aAnno D.SanjariePengarang1 aBudidaya Rambutan Unggul /cAnno D.Sanjari a.- Cet.1 a75hlm :billus ;c14x 20cm07aind a634 a634 ANN b a634 PAD p 18-9 bGaza Publishing,c2008 2rdacontentateks 2rdamediaatanpa perantara 2rdacarrieravolume 4aTanaman aPUPAD260601 0  a9428/H/KAPD/2009 a9429/H/KAPD/2009 a9426/H/KAPD-PDG/2009 a9427/H/KAPD-PDG/2009